[Event "Avoine op 33rd"]
[Site "Avoine"]
[Date "2018.07.21"]
[Round "1"]
[White "Maloberti, David"]
[Black "Troubat, Alexandre"]
[Result "1/2-1/2"]
[WhiteElo "2136"]
[BlackElo "1843"]
[PlyCount "84"]
[EventDate "2018.07.21"]
[EventType "swiss"]
[EventRounds "9"]
[EventCountry "FRA"]
[SourceTitle "CBM 185 Extra"]
[Source "ChessBase"]
[SourceDate "2018.07.29"]
[SourceVersion "1"]
[SourceVersionDate "2018.07.29"]
[SourceQuality "1"]

1. d4 Nf6 2. c4 c5 3. Nf3 g6 4. d5 e6 5. Nc3 exd5 6. cxd5 d6 7. e4 Bg7 8. Bb5+ Bd7 9. Bxd7+ Qxd7 10. 0-0 0-0 11. a4 Na6 12. Bf4 Nh5 13. Be3 Rae8 14. Nd2 Nb4 15. Nc4 Bxc3 16. bxc3 Rxe4 17. Nd2 Rxe3 18. fxe3 Nxd5 19. Nc4 Nxc3 20. Qxd6 Qxd6 21. Nxd6 b6 22. Ra3 Rd8 23. Nxf7 Ne2+ 24. Kf2 Kxf7 25. Kxe2+ Ke6 26. Rd3 Rxd3 27. Kxd3 Nf6 28. h3 a6 29. Rb1 Nd7 30. g4 Kd5 31. e4+ Kc6 32. Ra1 Kd6 33. Ke3 Kc6 34. Kf4 c4 35. e5 Nc5 36. Rd1 Nd3+ 37. Ke4 b5 38. axb5+ axb5 39. Kd4 Nf4 40. Ke4 Nd3 41. Kd4 Nf4 42. Ke4 Nd3 1/2-1/2

[Event "Avoine op 32nd"]
[Site "Avoine"]
[Date "2017.07.28"]
[Round "7"]
[White "Batteux, Mickael"]
[Black "Troubat, Alexandre"]
[Result "1-0"]
[WhiteElo "2076"]
[BlackElo "1760"]
[PlyCount "105"]
[EventDate "2017.07.22"]
[EventType "swiss"]
[EventRounds "9"]
[EventCountry "FRA"]
[SourceTitle "CBM 179 Extra"]
[Source "ChessBase"]
[SourceDate "2017.08.23"]
[SourceVersion "1"]
[SourceVersionDate "2017.08.23"]
[SourceQuality "1"]

1. d4 Nf6 2. Nf3 g6 3. Nc3 d5 4. Bf4 Bg7 5. e3 0-0 6. Be2 c5 7. Ne5 Nc6 8. 0-0 cxd4 9. exd4 Qb6 10. Nxc6 bxc6 11. Na4 Qa5 12. Nc5 Ne4 13. Nxe4 dxe4 14. c3 e5 15. Bxe5 Bxe5 16. dxe5 Qxe5 17. Qd2 Be6 18. Rfd1 Qc7 19. Qd4 Qb6 20. b3 Rfe8 21. h4 c5 22. Qe3 Qc6 23. Rd2 Rad8 24. Rad1 Rxd2 25. Rxd2 a6 26. h5 Re7 27. Rd8+ Re8 28. Rxe8+ Qxe8 29. Qxe4 Qc8 30. Qe5 h6 31. hxg6 fxg6 32. Qd6 Kf7 33. Bxa6 Qa8 34. Qf4+ Kg7 35. Qc7+ Kf6 36. Qf4+ Kg7 37. Qe5+ Kf7 38. Bd3 Qxa2 39. Bxg6+ Ke7 40. Bf5 Qxb3 41. Bxe6 Qxe6 42. Qxc5+ Kf7 43. Qe3 Qg6 44. Qf3+ Kg7 45. Qb7+ Kh8 46. Qc8+ Kg7 47. Qd7+ Kf8 48. Qd8+ Kf7 49. Qd5+ Kf8 50. g3 Qb1+ 51. Kg2 Qg6 52. c4 h5 53. c5 1-0

[Event "Avoine op 32nd"]
[Site "Avoine"]
[Date "2017.07.27"]
[Round "6"]
[White "Troubat, Alexandre"]
[Black "Lagunes, Jean Renaud"]
[Result "1/2-1/2"]
[WhiteElo "1760"]
[BlackElo "1951"]
[PlyCount "47"]
[EventDate "2017.07.22"]
[EventType "swiss"]
[EventRounds "9"]
[EventCountry "FRA"]
[SourceTitle "CBM 179 Extra"]
[Source "ChessBase"]
[SourceDate "2017.08.23"]
[SourceVersion "1"]
[SourceVersionDate "2017.08.23"]
[SourceQuality "1"]

1. e4 d5 2. exd5 Qxd5 3. Nf3 Bg4 4. Be2 c6 5. d4 Nf6 6. c4 Qd8 7. 0-0 e6 8. Nc3 Be7 9. Qb3 Qb6 10. Qxb6 axb6 11. Be3 Nbd7 12. Rfd1 0-0 13. a3 Rfc8 14. Rac1 h6 15. Ne5 Bxe2 16. Nxe2 Ra5 17. Bd2 Ra6 18. Bf4 Rd8 19. Nc3 Ra5 20. h3 Kf8 21. Bg3 Ke8 22. Nf3 g6 23. Bh2 Kf8 24. Ne5 1/2-1/2

[Event "Ile et Vilaine op"]
[Site "Rennes"]
[Date "2017.07.12"]
[Round "7"]
[White "Bordais, Benjamin"]
[Black "Troubat, Alexandre"]
[Result "1-0"]
[WhiteElo "2114"]
[BlackElo "1760"]
[PlyCount "67"]
[EventDate "2017.07.08"]
[EventType "swiss"]
[EventRounds "9"]
[EventCountry "FRA"]
[SourceTitle "EXT 2019"]
[Source "ChessBase"]
[SourceDate "2018.10.10"]
[SourceVersion "1"]
[SourceVersionDate "2018.10.10"]
[SourceQuality "1"]

1. e4 c5 2. Nf3 d6 3. d4 cxd4 4. Nxd4 Nf6 5. Nc3 g6 6. g3 Bg7 7. Bg2 0-0 8. 0-0 Nc6 9. Nde2 Be6 10. Nd5 Qa5 11. Bd2 Qa4 12. b3 Qa3 13. Nxf6+ Bxf6 14. Bc3 Bxc3 15. Nxc3 Rfc8 16. Ne2 b5 17. Nf4 Qc5 18. Nxe6 fxe6 19. e5 Qxe5 20. Re1 Qf6 21. Qg4 Kf7 22. Rad1 Rab8 23. Bxc6 Rxc6 24. Rd3 Rc5 25. Rde3 Re5 26. Rxe5 dxe5 27. Re3 h5 28. Qe2 Qg5 29. Rxe5 Qc1+ 30. Kg2 Rb6 31. Rc5 a6 32. Qf3+ Kg7 33. Rc8 Qb2 34. c3 1-0

[Event "Sautron op 15th"]
[Site "Sautron"]
[Date "2015.10.23"]
[Round "7.23"]
[White "Isacesco, Frederic"]
[Black "Troubat, Alexandre"]
[Result "1-0"]
[WhiteElo "2105"]
[BlackElo "1784"]
[PlyCount "45"]
[EventDate "2015.10.24"]
[EventType "swiss"]
[EventRounds "9"]
[EventCountry "FRA"]
[SourceTitle "EXT 2019"]
[Source "ChessBase"]
[SourceDate "2018.10.10"]
[SourceVersion "1"]
[SourceVersionDate "2018.10.10"]
[SourceQuality "1"]

1. d4 Nf6 2. Nf3 g6 3. c4 c5 4. Nc3 cxd4 5. Nxd4 Bg7 6. e4 Nc6 7. Be3 0-0 8. Be2 b6 9. Qd2 Bb7 10. f3 Qb8 11. 0-0-0 Rd8 12. g4 d6 13. h4 Rd7 14. h5 Qf8 15. hxg6 hxg6 16. Qe1 e6 17. Qh4 Rad8 18. Nf5 exf5 19. Nd5 Nh5 20. gxh5 Ne5 21. h6 Bxd5 22. hxg7 Qxg7 23. Bg5 1-0

[Event "Sautron op 15th"]
[Site "Sautron"]
[Date "2015.10.23"]
[Round "2.25"]
[White "Troubat, Alexandre"]
[Black "Munkhbayar, Janjaadorj"]
[Result "0-1"]
[WhiteElo "1784"]
[BlackElo "2037"]
[PlyCount "46"]
[EventDate "2015.10.24"]
[EventType "swiss"]
[EventRounds "9"]
[EventCountry "FRA"]
[SourceTitle "EXT 2019"]
[Source "ChessBase"]
[SourceDate "2018.10.10"]
[SourceVersion "1"]
[SourceVersionDate "2018.10.10"]
[SourceQuality "1"]

1. e4 c5 2. Nf3 Nc6 3. d4 cxd4 4. Nxd4 Nf6 5. Nc3 e5 6. Ndb5 d6 7. Na3 Be7 8. Bg5 0-0 9. Bxf6 Bxf6 10. Nd5 Bg5 11. Bc4 Na5 12. h4 Bh6 13. g4 Bf4 14. Nxf4 exf4 15. Bd5 Be6 16. f3 Rc8 17. c3 Qb6 18. Qd2 Bxd5 19. exd5 Rfe8+ 20. Kd1 Re3 21. Rf1 Qa6 22. Kc1 Re2 23. Re1 Rxd2 0-1